Biggest US Cities Starting with E - Statistics

General Stats
  • This quiz has been taken 52 times
  • The average score is 8 of 20
Answer Stats
State Answer Population % Correct
TX El Paso 681,728
90%
OR Eugene 172,622
78%
IN Evansville 117,979
68%
PA Erie 95,508
60%
NJ Elizabeth 129,216
48%
WA Everett 111,475
48%
WI Eau Claire 68,802
45%
IL Elgin 110,849
45%
IL Evanston 73,473
43%
CA Escondido 151,625
40%
CA Elk Grove 174,775
33%
MN Eden Prairie 64,893
28%
CA El Cajon 102,708
28%
TX Edinburg 101,170
23%
OK Edmond 94,054
20%
CA El Monte 115,487
20%
NJ East Orange 64,367
15%
CA Encinitas 62,709
13%
MN Eagan 66,372
10%
CA Eastvale 64,157
5%
No matching quizzes found
Score Distribution
Percent of People with Each Score
Percentile by Number Answered
Your Score History
You have not taken this quiz